[Event "World Junior U20 Open 2018"]
[Site "Gebze"]
[Date "2018.09.10"]
[Round "6.42"]
[White "Macovei, Andrei"]
[Black "Jogstad, Martin"]
[Result "1-0"]
[WhiteElo "2385"]
[BlackElo "2305"]
[Annotator "NA"]
[PlyCount "121"]
[EventDate "2018.09.05"]
[EventType "swiss"]
[EventCountry "TUR"]
[SourceTitle "playchess.com"]
[Source "ChessBase"]
[SourceQuality "1"]
[TimeControl "40/5400+30:1800+30"]

1. e4 {[%emt 0:00:30]} e6 {[%emt 0:00:30]} 2. d4 {[%emt 0:02:30]} d5 {[%emt 0:00:30]} 3. Nc3 {[%emt 0:00:30]} Bb4 {[%emt 0:00:30]} 4. e5 {[%emt 0:00:30]} b6 {[%emt 0:00:30]} 5. a3 {[%emt 0:05:00]} Bf8 {[%emt 0:01:00]} 6. Nf3 {[%emt 0:04:30]} Ne7 {[%emt 0:01:30]} 7. h4 {[%emt 0:05:30]} Qd7 {[%emt 0:10:30] C16: French: 3 Nc3 Bb4 4 e5: Lines without ...c5} (7... h6 8. Bf4 Ba6 9. Bxa6 Nxa6 10. Qd3 Nb8 11. b4 Nd7 12. O-O c6 13. h5 a6 14. Ne2 c5 15. dxc5 bxc5 {½-½ (46) Kryvoruchko,Y (2708)-Jussupow,A (2583) Switzerland 2017}) 8. h5 {[%emt 0:00:30]} h6 {[%emt 0:00:30]} 9. Nb5 $146 {[%emt 0:00:30]} ({Predecessor:} 9. b4 c6 10. Rb1 Ba6 11. b5 cxb5 12. Nxb5 Bxb5 13. Bxb5 Nec6 14. c4 Be7 15. Rh3 {0-1 (36) Adair,J (2363)-Rombaldoni,A (2494) Sunny Beach 2013}) 9... a6 {[%emt 0:00:30]} 10. Nc3 {[%emt 0:00:30]} c5 {[%emt 0:00:30]} 11. Ne2 {[%emt 0:00:30]} Nbc6 {[%emt 0:09:30]} 12. c3 {[%emt 0:02:30]} c4 {[%emt 0:00:30]} 13. Nh4 {[%emt 0:02:30]} b5 {[%emt 0:15:30]} 14. g4 {[%emt 0:10:30]} a5 {[%emt 0:03:30]} 15. Bh3 {[%emt 0:03:30]} Qb7 {[%emt 0:02:30]} 16. O-O {[%emt 0:01:30]} g6 17. Ng3 Kd8 18. f4 {[%emt 1:10:00]} Kc7 {[%emt 1:23:50]} 19. hxg6 {[%emt 0:00:30]} fxg6 {[%emt 0:00:30]} 20. f5 {[%emt 0:00:30]} gxf5 {[%emt 0:00:30]} 21. gxf5 {[%emt 0:00:30]} exf5 {[%emt 0:00:30]} 22. Nhxf5 {[%emt 0:00:30]} Nxf5 {[%emt 0:00:30]} 23. Nxf5 {[%emt 0:00:30]} Kb6 {[%emt 0:00:30]} 24. Qf3 {[%emt 0:00:30]} Qf7 {[%emt 0:00:30]} 25. Ne3 {[%emt 0:06:30]} Qxf3 {[%emt 0:02:01]} 26. Rxf3 {[%emt 0:00:00]} Ne7 {[%emt 0:00:49]} 27. Rf6+ {[%emt 0:00:00]} Kc7 {[%emt 0:00:02]} 28. Bg2 {[%emt 0:00:00]} Rg8 {[%emt 0:00:39]} 29. Kh2 {[%emt 0:00:00]} Bb7 {[%emt 0:00:30]} 30. Bd2 {[%emt 0:01:30]} Bg7 {[%emt 0:02:25]} 31. Rf7 {[%emt 0:00:30]} Kd8 {[%emt 0:00:30]} 32. Nf5 {[%emt 0:01:30]} Bf8 {[%emt 0:04:47]} 33. Nd6 {[%emt 0:00:30]} Bc6 {[%emt 0:00:17]} 34. Raf1 {[%emt 0:01:30]} Ng6 {[%emt 0:00:13]} 35. Bh3 {[%emt 0:05:00]} Be7 {[%emt 0:01:55]} 36. Bxh6 {[%emt 0:01:28]} Bd7 {[%emt 0:00:46]} 37. Nf5 {[%emt 0:09:12]} Ra6 {[%emt 0:04:11]} 38. Nxe7 {[%emt 0:03:38]} Nxe7 {[%emt 0:00:30]} 39. Rf8+ {[%emt 0:00:30]} Kc7 {[%emt 0:00:30]} 40. Rxg8 {[%emt 0:00:00]} Nxg8 {[%emt 0:00:00]} 41. Rf7 {[%emt 0:02:42]} Rxh6 {[%emt 0:03:35]} 42. Rxd7+ {[%emt 0:00:30]} Kc6 {[%emt 0:00:00]} 43. Rg7 {[%emt 0:00:00]} Rh8 {[%emt 0:00:00]} 44. Kg3 {[%emt 0:00:00]} Nh6 {[%emt 0:00:30]} 45. Bd7+ {[%emt 0:00:30]} Kb6 {[%emt 0:00:30]} 46. Rg6+ {[%emt 0:00:30]} Kc7 {[%emt 0:02:30]} 47. Be6 {[%emt 0:00:30]} Kd8 {[%emt 0:05:30]} 48. Bxd5 {[%emt 0:00:30]} Nf5+ {[%emt 0:00:30]} 49. Kf4 {[%emt 0:00:00]} Ne7 {[%emt 0:00:30]} 50. Rd6+ {[%emt 0:00:00]} Kc7 {[%emt 0:00:30]} 51. Be6 {[%emt 0:03:30]} Ng6+ {[%emt 0:01:30]} 52. Kg5 {[%emt 0:02:30]} Nf8 {[%emt 0:01:30]} 53. Bf5 {[%emt 0:00:00]} Rh2 {[%emt 0:00:30]} 54. Rf6 {[%emt 0:00:00]} Nh7+ {[%emt 0:00:30]} 55. Bxh7 {[%emt 0:00:30]} Rxh7 {[%emt 0:00:30]} 56. d5 {[%emt 0:00:30]} Rh2 {[%emt 0:00:30]} 57. Rf7+ {[%emt 0:00:00]} Kd8 {[%emt 0:00:00]} 58. d6 {[%emt 0:00:00]} Rg2+ {[%emt 0:01:00]} 59. Kf6 {[%emt 0:00:30]} Rxb2 {[%emt 0:00:30]} 60. Ke6 {[%emt 0:00:30]} Rd2 {[%emt 0:00:30]} 61. Rf8# {[%emt 0:03:30]} 1-0

[Event "World Junior U20 Open 2018"]
[Site "Gebze"]
[Date "2018.09.10"]
[Round "6.43"]
[White "Miciano, John Marvin"]
[Black "Vanczak, Tamas"]
[Result "1/2-1/2"]
[WhiteElo "2374"]
[BlackElo "2276"]
[Annotator "NA"]
[PlyCount "92"]
[EventDate "2018.09.05"]
[EventType "swiss"]
[EventCountry "TUR"]
[SourceTitle "playchess.com"]
[Source "ChessBase"]
[SourceQuality "1"]
[TimeControl "40/5400+30:1800+30"]

1. Nf3 {[%emt 0:00:30]} Nf6 {[%emt 0:00:30]} 2. g3 {[%emt 0:00:30]} b6 {[%emt 0:00:30]} 3. Bg2 {[%emt 0:00:00]} Bb7 {[%emt 0:00:30]} 4. d3 {[%emt 0:01:00]} e6 {[%emt 0:01:30]} 5. O-O {[%emt 0:00:30]} d5 {[%emt 0:02:30]} 6. c3 {[%emt 0:06:30]} c5 {[%emt 0:03:30]} 7. Nbd2 {[%emt 0:00:30]} Nc6 {[%emt 0:00:30]} 8. Re1 {[%emt 0:00:30]} Be7 {[%emt 0:02:30]} 9. e4 {[%emt 0:02:30]} Qc7 {[%emt 0:01:30]} 10. a3 {[%emt 0:03:30]} a5 {[%emt 0:01:30]} 11. a4 {[%emt 0:00:30] C00: French: Unusual White 2nd moves} (11. exd5 Nxd5 12. a4 O-O 13. Nc4 Rfd8 14. Bg5 Ba6 15. Qe2 Rac8 16. Rad1 h6 17. Bc1 Bf6 18. h4 Rd7 {0-1 (35) Ribbegren,K (2222)-Bacrot,E (2714) Brest 2018}) 11... O-O {[%emt 0:00:30]} 12. Nf1 $146 {[%emt 0:00:30]} ({Predecessor:} 12. e5 Nd7 13. Qe2 Rae8 14. Nf1 Qb8 15. Bf4 Bd8 16. h4 Bc7 17. h5 f6 18. d4 cxd4 19. cxd4 Nxd4 20. Nxd4 fxe5 {0-1 (44) Novik,M (2471)-Saveliev,A (2303) St Petersburg 2014}) 12... dxe4 {[%emt 0:12:30]} 13. dxe4 {[%emt 0:00:30]} Rad8 {[%emt 0:00:30]} 14. Qb3 {[%emt 0:00:30]} Ba6 {[%emt 0:02:30]} 15. Bf4 {[%emt 0:03:30]} e5 {[%emt 0:04:30]} 16. Bg5 {[%emt 0:01:30]} c4 {[%emt 0:01:30]} 17. Qc2 {[%emt 0:00:30]} Nd7 {[%emt 0:02:30]} 18. Bxe7 {[%emt 0:01:30]} Nxe7 {[%emt 0:03:30]} 19. Ne3 {[%emt 0:02:30]} Nc5 {[%emt 0:08:30]} 20. Red1 {[%emt 0:10:30]} Nd3 $11 {[%emt 0:09:30]} 21. Ne1 Rd6 22. Nxd3 cxd3 23. Qb3 d2 24. Qc2 Rfd8 {[%emt 1:21:00]} 25. c4 {[%emt 1:39:10]} Rd4 {[%emt 0:00:30]} 26. b3 {[%emt 0:00:30]} Bb7 {[%emt 0:00:30]} 27. Ra2 {[%emt 0:00:30]} Qc5 {[%emt 0:00:30]} 28. Rb2 {[%emt 0:00:30]} f5 {[%emt 0:00:30]} 29. exf5 {[%emt 0:00:30]} Bxg2 {[%emt 0:00:30]} 30. Kxg2 {[%emt 0:00:30]} Qc6+ {[%emt 0:00:30]} 31. Kg1 {[%emt 0:00:30]} Qf3 {[%emt 0:00:30]} 32. Nf1 {[%emt 0:00:30]} Nxf5 {[%emt 0:00:30]} 33. Rxd2 {[%emt 0:00:30]} Ne3 {[%emt 0:00:30]} 34. fxe3 {[%emt 0:00:30]} Rxd2 {[%emt 0:00:30]} 35. Nxd2 {[%emt 0:00:30]} Qxe3+ {[%emt 0:00:30]} 36. Kg2 {[%emt 0:00:30]} Qe2+ {[%emt 0:00:30]} 37. Kg1 {[%emt 0:00:30]} Rf8 {[%emt 0:00:30]} 38. Rb1 {[%emt 0:00:30]} Rf2 {[%emt 0:00:30]} 39. Qe4 {[%emt 0:00:24]} Qxd2 {[%emt 0:00:00]} 40. Rf1 {[%emt 0:00:00]} Rxf1+ {[%emt 0:00:00]} 41. Kxf1 {[%emt 0:02:26]} Qd1+ {[%emt 0:14:30]} 42. Kg2 {[%emt 0:00:30]} Qxb3 {[%emt 0:00:30]} 43. Qxe5 {[%emt 0:00:30]} Qxa4 {[%emt 0:00:30]} 44. Qe6+ {[%emt 0:00:00]} Kf8 {[%emt 0:00:30]} 45. Qxb6 {[%emt 0:00:00]} Qxc4 {[%emt 0:00:00]} 46. Qxa5 {[%emt 0:00:30]} Qe2+ {[%emt 0:00:00]} 1/2-1/2

[Event "World Junior U20 Open 2018"]
[Site "Gebze"]
[Date "2018.09.10"]
[Round "6.44"]
[White "Dobrovoljc, Vid"]
[Black "Nikitenko, Mihail"]
[Result "0-1"]
[WhiteElo "2316"]
[BlackElo "2368"]
[Annotator "ChessBase"]
[PlyCount "92"]
[EventDate "2018.09.05"]
[EventType "swiss"]
[EventCountry "TUR"]
[SourceTitle "playchess.com"]
[Source "ChessBase"]
[SourceQuality "1"]
[TimeControl "40/5400+30:1800+30"]

1. e4 e5 2. Nf3 Nc6 3. Bb5 a6 4. Ba4 Nf6 5. d3 d6 6. c3 b5 7. Bc2 Be7 8. O-O O-O 9. Re1 Nb8 10. Nbd2 c5 11. Nf1 Nc6 12. Ng3 Re8 13. h3 Bf8 14. Bg5 h6 15. Bd2 Be6 16. Qe2 d5 17. Nh2 d4 18. Ng4 Nxg4 19. hxg4 g6 20. Nf1 Rc8 21. Nh2 c4 22. Rad1 Qd7 23. b3 cxb3 24. Bxb3 Bxb3 25. axb3 dxc3 26. Bxc3 Qe6 27. Qb2 b4 28. Bd2 Nd4 29. Be3 Rc2 30. Qa1 {[%emt 1:25:00]} Nxb3 {[%emt 1:09:00]} 31. Qa4 {[%emt 0:00:30]} Rc3 {[%emt 0:00:30]} 32. Nf3 {[%emt 0:00:30]} Rec8 {[%emt 0:00:30]} 33. Qa2 {[%emt 0:00:30]} a5 {[%emt 0:00:30]} 34. Qa4 {[%emt 0:00:30]} Qe8 {[%emt 0:00:30]} 35. Qxe8 {[%emt 0:00:30]} Rxe8 {[%emt 0:00:30]} 36. g5 {[%emt 0:00:30]} hxg5 {[%emt 0:00:30]} 37. Nxg5 {[%emt 0:00:30]} a4 {[%emt 0:00:30]} 38. Re2 {[%emt 0:00:30]} a3 {[%emt 0:00:30]} 39. Rb1 {[%emt 0:00:30]} Nd4 {[%emt 0:00:30]} 40. Bxd4 {[%emt 0:00:30]} exd4 {[%emt 0:00:30]} 41. e5 {[%emt 0:00:30]} Rec8 {[%emt 0:00:30]} 42. e6 {[%emt 0:01:30]} fxe6 {[%emt 0:00:30]} 43. Nxe6 {[%emt 0:00:00]} Rc1+ {[%emt 0:00:30]} 44. Rxc1 {[%emt 0:00:00]} Rxc1+ {[%emt 0:00:30]} 45. Kh2 {[%emt 0:00:30]} b3 {[%emt 0:00:00]} 46. Nxf8 {[%emt 0:00:00]} Kxf8 {[%emt 0:00:00]} 0-1

[Event "World Junior U20 Open 2018"]
[Site "Gebze"]
[Date "2018.09.10"]
[Round "6.45"]
[White "Milosevic, Milos"]
[Black "Can, Isik"]
[Result "1/2-1/2"]
[WhiteElo "2292"]
[BlackElo "2361"]
[Annotator "NA"]
[PlyCount "119"]
[EventDate "2018.09.05"]
[EventType "swiss"]
[EventCountry "TUR"]
[SourceTitle "playchess.com"]
[Source "ChessBase"]
[SourceQuality "1"]
[TimeControl "40/5400+30:1800+30"]

1. e4 {[%emt 0:00:30]} e5 {[%emt 0:00:30]} 2. Nc3 {[%emt 0:00:00]} Nf6 {[%emt 0:00:30]} 3. Nf3 {[%emt 0:00:00]} Nc6 {[%emt 0:00:30]} 4. g3 {[%emt 0:00:00]} d5 {[%emt 0:00:30]} 5. exd5 {[%emt 0:00:00]} Nxd5 {[%emt 0:00:30]} 6. Bg2 {[%emt 0:00:30]} Nxc3 {[%emt 0:00:30]} 7. bxc3 {[%emt 0:00:00]} Bc5 {[%emt 0:00:30]} 8. O-O {[%emt 0:00:30]} O-O {[%emt 0:00:00]} 9. Re1 {[%emt 0:00:30]} Bb6 {[%emt 0:03:00] LiveBook: 4 Games} 10. d3 {[%emt 0:01:00]} Re8 {[%emt 0:10:30] C47: Schottisches Vierspringerspiel} 11. Be3 {[%emt 0:02:30]} (11. a4 Bg4 12. h3 Bh5 13. g4 Bg6 14. Nd2 Qh4 15. Qe2 f5 16. Nf3 Qf6 17. gxf5 Bxf5 18. Ng5 {1-0 (60) Mamedyarov,S (2753)-Kramnik,V (2803) Geneve 2013}) 11... Bf5 {[%emt 0:11:30]} 12. Rb1 $146 {[%emt 0:00:30]} ({Vorgänger:} 12. Nd2 Ba5 13. Rb1 Qc8 14. Rb3 Be6 15. Ra3 Bb6 16. Bxb6 axb6 17. Rxa8 Qxa8 18. Bxc6 bxc6 19. Rxe5 Qxa2 {1-0 (43) Seccafim,C (1655)-Parreira,T (1331) Hebraica 2018}) 12... Rb8 {[%emt 0:15:30]} 13. Nd2 {[%emt 0:04:30]} Qd7 {[%emt 0:06:30]} 14. Qc1 {[%emt 0:12:30]} Bh3 {[%emt 0:04:30]} 15. Bh1 {[%emt 0:01:30]} Bxe3 {[%emt 0:14:30]} 16. Rxe3 {[%emt 0:00:30]} f6 {[%emt 0:02:30]} 17. Qa3 {[%emt 0:02:00]} Be6 {[%emt 0:02:30]} 18. Qa4 {[%emt 0:54:00]} Ne7 {[%emt 1:28:42]} (18... Bd5 $11) 19. Qxd7 {[%emt 0:00:30]} Bxd7 {[%emt 0:00:30]} 20. Bxb7 {[%emt 0:36:26]} Ba4 {[%emt 0:01:53]} 21. Ba6 {[%emt 0:00:02]} Rxb1+ {[%emt 0:02:15]} 22. Nxb1 {[%emt 0:00:04]} Bxc2 {[%emt 0:00:00]} 23. Bc4+ {[%emt 0:00:42]} Kf8 {[%emt 0:00:28]} 24. Na3 {[%emt 0:01:20]} Ba4 {[%emt 0:00:34]} 25. Re1 {[%emt 0:00:16]} Nc8 {[%emt 0:05:07]} 26. d4 {[%emt 0:06:11]} exd4 {[%emt 0:00:43]} 27. Rxe8+ {[%emt 0:00:30]} Kxe8 {[%emt 0:00:30]} 28. cxd4 {[%emt 0:00:30]} Ne7 {[%emt 0:00:36]} 29. Kf1 {[%emt 0:01:06]} Nf5 {[%emt 0:00:30]} 30. d5 {[%emt 0:00:48]} Kd7 {[%emt 0:02:33]} 31. Nb1 {[%emt 0:00:52]} Kd6 {[%emt 0:00:50]} 32. Nc3 {[%emt 0:00:24]} Bd7 {[%emt 0:00:12]} 33. Ke2 {[%emt 0:00:39]} Kc5 {[%emt 0:00:16]} 34. Bd3 {[%emt 0:01:25]} Kd4 {[%emt 0:00:42]} 35. Kd2 {[%emt 0:00:48]} h6 {[%emt 0:00:32]} 36. Bxf5 {[%emt 0:00:41]} Bxf5 {[%emt 0:00:30]} 37. Nb5+ {[%emt 0:00:30]} Kxd5 {[%emt 0:00:30]} 38. Nxc7+ {[%emt 0:00:00]} Ke5 {[%emt 0:00:27]} 39. Nb5 {[%emt 0:00:05]} a6 {[%emt 0:00:25]} 40. Nc3 {[%emt 0:00:00]} Kd4 {[%emt 0:00:00]} 41. Ne2+ {[%emt 0:04:41]} Kc4 {[%emt 0:09:45]} 42. Nf4 {[%emt 0:03:30]} Bg4 {[%emt 0:07:53]} 43. Ng2 {[%emt 0:04:30]} (43. h3 $1 $11 Bc8 44. Nh5) 43... Kb4 {[%emt 0:00:42]} 44. Ne3 $17 {[%emt 0:00:30]} Be6 {[%emt 0:00:06]} 45. Nc2+ {[%emt 0:00:30]} Ka4 {[%emt 0:04:25]} 46. Kc3 {[%emt 0:00:30]} g5 {[%emt 0:03:00]} 47. a3 {[%emt 0:01:30]} Bf7 {[%emt 0:01:59]} 48. Kb2 {[%emt 0:00:30]} Kb5 {[%emt 0:00:12]} 49. Kc3 {[%emt 0:00:30]} Kc5 {[%emt 0:00:31]} 50. Ne3 {[%emt 0:02:10]} a5 {[%emt 0:00:46]} 51. Ng4 {[%emt 0:00:54]} f5 {[%emt 0:01:27]} 52. Nxh6 {[%emt 0:00:54]} Be6 {[%emt 0:00:13]} 53. h3 {[%emt 0:03:56]} g4 {[%emt 0:02:09]} 54. hxg4 {[%emt 0:00:30]} fxg4 {[%emt 0:00:00]} 55. a4 {[%emt 0:02:48]} Kd5 {[%emt 0:01:19]} 56. Nxg4 {[%emt 0:01:37]} Bxg4 {[%emt 0:00:03]} 57. Kb2 {[%emt 0:00:50]} Kc4 {[%emt 0:00:01]} 58. f4 {[%emt 0:00:10]} Bf5 {[%emt 0:00:03]} 59. Ka1 {[%emt 0:00:03]} Kc3 {[%emt 0:00:18]} 60. Ka2 {[%emt 0:00:20]} 1/2-1/2

[Event "World Junior U20 Open 2018"]
[Site "Gebze"]
[Date "2018.09.10"]
[Round "6.46"]
[White "Nogerbek, Kazybek"]
[Black "Baenziger, Fabian"]
[Result "1/2-1/2"]
[WhiteElo "2261"]
[BlackElo "2360"]
[Annotator "TA"]
[PlyCount "44"]
[EventDate "2018.09.05"]
[EventType "swiss"]
[EventCountry "TUR"]
[SourceTitle "playchess.com"]
[Source "ChessBase"]
[SourceQuality "1"]

{[%evp 14,44,24,15,25,5,4,-1,6,3,0,0,81,8,10,14,8,17,12,14,22,20,15,20,97,103,92,89,85,105,81,60,72]} 1. d4 Nf6 2. c4 e6 3. Nf3 b6 4. g3 Bb7 5. Bg2 c5 6. O-O cxd4 7. Qxd4 Nc6 8. Qf4 Ne7 {A30: Symmetrical English: Double Fianchetto and Hedgehog} 9. Nc3 (9. b3 Ng6 10. Qd2 d5 11. Ba3 dxc4 12. Bxf8 Nxf8 13. Rc1 cxb3 14. Qxd8+ Rxd8 15. axb3 a5 16. Ne5 Bxg2 17. Kxg2 {½-½ (30) Bernadskiy,V (2586)-Socko,B (2592) Suwalki 2018}) 9... Ng6 10. Qd2 Rc8 {The position is equal.} 11. b3 Bb4 12. Bb2 Ne4 $146 {[#]} (12... b5 $11) ({Predecessor:} 12... O-O 13. Qd4 Qe7 14. a3 Bc5 15. Qd3 Rfd8 16. e4 {½-½ (46) Debnar,I (2141)-Bissmann,S (2405) ICCF email 2013}) 13. Qd4 (13. Nxe4 $1 $16 Bxd2 14. Nd6+ Kf8 15. Nxb7) 13... Nxc3 14. Bxc3 Bxc3 15. Qxc3 O-O 16. Rfd1 d5 17. e4 Qc7 {[%cal Rd5c4]} 18. exd5 exd5 (18... Bxd5 $11 {remains equal.} 19. Qe3 Bb7) 19. Nd4 $16 Ne7 20. Re1 a6 {[%cal Rd5c4]} 21. Qe3 Rfe8 22. Nf5 Kf8 {Precision: White = 70%, Black = 62%.} 1/2-1/2

[Event "World Junior U20 Open 2018"]
[Site "Gebze"]
[Date "2018.09.10"]
[Round "6.47"]
[White "Tarlabasi, Emirhan"]
[Black "Schitco, Ivan"]
[Result "0-1"]
[WhiteElo "2193"]
[BlackElo "2358"]
[Annotator "ChessBase"]
[PlyCount "186"]
[EventDate "2018.09.05"]
[EventType "swiss"]
[EventCountry "TUR"]
[SourceTitle "playchess.com"]
[Source "ChessBase"]
[SourceQuality "1"]
[TimeControl "40/5400+30:1800+30"]

1. d4 Nf6 2. c4 e6 3. Nf3 d5 4. e3 Bd6 5. Bd3 O-O 6. O-O dxc4 7. Bxc4 a6 8. Bd3 Nbd7 9. Nbd2 c5 10. Nc4 Be7 11. a4 b6 12. b3 Bb7 13. Bb2 cxd4 14. exd4 Rc8 15. Ne3 Rc7 16. Qe2 Qa8 17. Nd2 Nd5 18. Nxd5 Bxd5 19. f3 Bf6 20. Nc4 Rd8 {[%emt 1:08:00]} 21. Be4 {[%emt 1:14:30]} Qa7 {[%emt 0:00:30]} 22. Rfd1 {[%emt 0:00:30]} Nf8 {[%emt 0:00:30]} 23. Bxd5 {[%emt 0:00:30]} exd5 {[%emt 0:00:30]} 24. Ne3 {[%emt 0:00:30]} Ne6 {[%emt 0:06:30]} 25. g3 {[%emt 0:08:17]} Re7 {[%emt 0:10:31]} 26. Qd3 {[%emt 0:02:35]} g6 {[%emt 0:01:42]} 27. Rd2 {[%emt 0:07:57]} h5 {[%emt 0:02:00]} 28. f4 {[%emt 0:02:06]} Qd7 {[%emt 0:02:56]} 29. Ng2 {[%emt 0:02:52]} h4 {[%emt 0:01:42]} 30. Qf3 {[%emt 0:02:40]} h3 {[%emt 0:04:38]} 31. Ne3 {[%emt 0:00:30]} Bg7 {[%emt 0:00:30]} 32. Ng4 {[%emt 0:00:30]} f5 {[%emt 0:02:35]} 33. Ne5 {[%emt 0:02:03]} Bxe5 {[%emt 0:00:18]} 34. dxe5 {[%emt 0:00:00]} Nc5 {[%emt 0:02:04]} 35. Bd4 {[%emt 0:01:27]} Ne4 {[%emt 0:01:02]} 36. Rc2 {[%emt 0:00:30]} Rc8 {[%emt 0:00:00]} 37. Rac1 {[%emt 0:00:14]} Rxc2 {[%emt 0:00:28]} 38. Rxc2 {[%emt 0:00:30]} Re6 {[%emt 0:00:06]} 39. Qd1 {[%emt 0:00:10]} Rc6 {[%emt 0:00:41]} 40. Qc1 {[%emt 0:00:00]} Rxc2 {[%emt 0:00:00]} 41. Qxc2 {[%emt 0:01:09]} b5 {[%emt 0:04:17]} 42. axb5 {[%emt 0:12:21]} axb5 {[%emt 0:00:30]} 43. b4 {[%emt 0:00:25]} Kf7 {[%emt 0:03:30]} 44. Kf1 {[%emt 0:05:56]} g5 {[%emt 0:01:30]} 45. Ke2 {[%emt 0:04:52]} Kg6 {[%emt 0:03:30]} 46. Kf3 {[%emt 0:04:48]} Kh5 {[%emt 0:03:43]} 47. fxg5 {[%emt 0:03:11]} Nxg5+ {[%emt 0:00:51]} 48. Ke3 {[%emt 0:00:15]} Ne4 {[%emt 0:00:44]} 49. Kd3 {[%emt 0:01:27]} Kg6 {[%emt 0:09:17]} 50. Qc1 {[%emt 0:00:45]} Ng5 {[%emt 0:01:41]} 51. Qc5 {[%emt 0:01:21]} f4 {[%emt 0:00:51]} 52. Qb6+ {[%emt 0:00:33]} Kh5 {[%emt 0:00:16]} 53. gxf4 {[%emt 0:01:02]} Qf5+ {[%emt 0:00:30]} 54. Kc3 {[%emt 0:00:00]} Qxf4 {[%emt 0:00:51]} 55. e6 {[%emt 0:00:32]} Qc1+ {[%emt 0:03:10]} 56. Kb3 {[%emt 0:00:18]} Qd1+ {[%emt 0:01:32]} 57. Kb2 {[%emt 0:00:40]} Qe2+ {[%emt 0:00:10]} 58. Ka3 {[%emt 0:00:33]} Nxe6 {[%emt 0:00:13]} 59. Bb2 {[%emt 0:00:20]} d4 {[%emt 0:00:54]} 60. Qc6 {[%emt 0:00:34]} Kg4 {[%emt 0:00:39]} 61. Qe8 {[%emt 0:00:23]} Qd3+ {[%emt 0:03:19]} 62. Ka2 {[%emt 0:00:01]} Qc4+ {[%emt 0:00:18]} 63. Ka1 {[%emt 0:00:32]} Kf4 {[%emt 0:00:58]} 64. Qg6 {[%emt 0:01:08]} Qf1+ {[%emt 0:00:26]} 65. Ka2 {[%emt 0:00:37]} Qc4+ {[%emt 0:00:01]} 66. Ka1 {[%emt 0:00:11]} Qf1+ {[%emt 0:01:05]} 67. Ka2 {[%emt 0:00:04]} Ke5 {[%emt 0:00:00]} 68. Qh5+ {[%emt 0:01:02]} Qf5 {[%emt 0:00:07]} 69. Qe2+ {[%emt 0:00:52]} Kd6 {[%emt 0:00:05]} 70. Ka1 {[%emt 0:00:15]} d3 {[%emt 0:00:55]} 71. Qe3 {[%emt 0:00:18]} Kd5 {[%emt 0:00:20]} 72. Ka2 {[%emt 0:00:42]} Kd6 {[%emt 0:01:58]} 73. Qb6+ {[%emt 0:00:20]} Kd7 {[%emt 0:00:12]} 74. Qe3 {[%emt 0:00:27]} Nf4 {[%emt 0:00:27]} 75. Qa7+ {[%emt 0:00:39]} Ke6 {[%emt 0:00:09]} 76. Qb6+ {[%emt 0:00:30]} Kf7 {[%emt 0:00:10]} 77. Qc7+ {[%emt 0:00:34]} Kg6 {[%emt 0:00:15]} 78. Qg7+ {[%emt 0:00:48]} Kh5 {[%emt 0:00:02]} 79. Qh8+ {[%emt 0:00:09]} Kg4 {[%emt 0:00:09]} 80. Qg7+ {[%emt 0:00:31]} Qg6 {[%emt 0:00:24]} 81. Qd4 {[%emt 0:00:27]} Qe6+ {[%emt 0:00:20]} 82. Kb1 {[%emt 0:00:00]} Kf3 {[%emt 0:00:00]} 83. Bc1 {[%emt 0:00:24]} Qe4 {[%emt 0:00:00]} 84. Qc3 {[%emt 0:00:30]} Ne2 {[%emt 0:00:00]} 85. Qf6+ {[%emt 0:00:30]} Kg2 {[%emt 0:00:00]} 86. Bd2 {[%emt 0:00:30]} Kxh2 {[%emt 0:00:10]} 87. Qf2+ {[%emt 0:00:30]} Qg2 {[%emt 0:00:30]} 88. Qf5 {[%emt 0:00:30]} Ng3 {[%emt 0:00:30]} 89. Qg5 {[%emt 0:00:30]} Ne4 {[%emt 0:00:30]} 90. Qf4+ {[%emt 0:00:30]} Kh1 {[%emt 0:00:30]} 91. Be3 {[%emt 0:00:30]} d2 {[%emt 0:00:30]} 92. Kc2 {[%emt 0:00:30]} d1=Q+ {[%emt 0:00:30]} 93. Kxd1 {[%emt 0:00:30]} Nc3+ {[%emt 0:00:30]} 0-1

[Event "World Junior U20 Open 2018"]
[Site "Gebze"]
[Date "2018.09.10"]
[Round "6.48"]
[White "Aydincelebi, Kagan"]
[Black "Murphy, Conor E"]
[Result "0-1"]
[WhiteElo "2060"]
[BlackElo "2357"]
[Annotator "ChessBase"]
[PlyCount "109"]
[EventDate "2018.09.05"]
[EventType "swiss"]
[EventCountry "TUR"]
[SourceTitle "playchess.com"]
[Source "ChessBase"]
[SourceQuality "1"]
[TimeControl "40/5400+30:1800+30"]

1. e4 e5 2. Nf3 Nc6 3. Bb5 f5 4. Nc3 fxe4 5. Nxe4 Nf6 6. Nxf6+ Qxf6 7. Qe2 Be7 8. Bxc6 bxc6 9. Qxe5 d6 10. Qxf6 Bxf6 11. d4 Bg4 12. Be3 Bxf3 13. gxf3 O-O 14. Rd1 Bh4 15. Ke2 Rf5 16. Rhg1 Raf8 17. Rg4 Be7 18. Rd3 Ra5 19. a3 Rb8 20. b4 Rh5 21. Rc3 a5 22. Rxc6 Bd8 23. bxa5 Rxa5 24. Bh6 {[%emt 1:29:47]} Rh5 {[%emt 1:32:20]} 25. Bxg7 {[%emt 0:02:52]} Kf7 {[%emt 0:00:43]} 26. d5 {[%emt 0:00:30]} Rxd5 {[%emt 0:00:30]} 27. Bc3 {[%emt 0:00:30]} Rb1 {[%emt 0:00:30]} 28. Rcc4 {[%emt 0:00:30]} Rc1 {[%emt 0:00:30]} 29. Bb2 {[%emt 0:00:30]} Rb1 {[%emt 0:00:30]} 30. Rg7+ {[%emt 0:00:30]} Ke6 {[%emt 0:00:30]} 31. Re4+ {[%emt 0:00:30]} Kf5 {[%emt 0:00:30]} 32. Bd4 {[%emt 0:00:30]} c5 {[%emt 0:00:30]} 33. Rf7+ {[%emt 0:00:30]} Kg6 {[%emt 0:00:30]} 34. Rg7+ {[%emt 0:00:30]} Kf5 {[%emt 0:00:30]} 35. Rf7+ {[%emt 0:00:30]} Kg6 {[%emt 0:00:30]} 36. Rf8 {[%emt 0:00:30]} Ba5 {[%emt 0:00:30]} 37. Rg4+ {[%emt 0:00:30]} Kh5 {[%emt 0:00:30]} 38. Rf7 {[%emt 0:00:30]} Re1+ {[%emt 0:00:30]} 39. Kd3 {[%emt 0:00:00]} Rxd4+ {[%emt 0:00:00]} 40. Rxd4 {[%emt 0:00:00]} Rd1+ {[%emt 0:00:00]} 41. Kc4 {[%emt 0:08:21]} Rxd4+ {[%emt 0:00:57]} 42. Kb5 {[%emt 0:01:30]} Kg6 {[%emt 0:00:30]} 43. Rd7 {[%emt 0:04:30]} Bd2 {[%emt 0:00:30]} 44. a4 {[%emt 0:00:30]} Rb4+ {[%emt 0:00:00]} 45. Kc6 {[%emt 0:01:30]} Bf4 {[%emt 0:00:00]} 46. a5 {[%emt 0:01:30]} Bxh2 {[%emt 0:00:30]} 47. a6 {[%emt 0:01:30]} h5 {[%emt 0:00:30]} 48. a7 {[%emt 0:01:30]} h4 {[%emt 0:00:00]} 49. Rd8 {[%emt 0:00:30]} Ra4 {[%emt 0:00:00]} 50. Kb7 {[%emt 0:01:30]} Be5 {[%emt 0:04:30]} 51. Rg8+ {[%emt 0:01:30]} Kh5 {[%emt 0:07:30]} 52. Rg4 {[%emt 0:01:30]} Rxa7+ {[%emt 0:00:00]} 53. Kxa7 {[%emt 0:00:30]} h3 {[%emt 0:00:00]} 54. Rg1 {[%emt 0:00:30]} h2 {[%emt 0:00:00]} 55. Rd1 {[%emt 0:00:00]} 0-1